• 首页
  • 本馆介绍
  • 公告通知
  • 最新文献
  • 馆藏检索
  • 电子资源
  • 读者导购
  • 参考咨询
  • 我的图书馆
  • 登录
  • 详细信息显示
  • 放入我的书架
  • 预约/预借图书
  • 作者相关作品
  • 分类相关作品
  • 丛书相关作品
  • 出版社相关作品

书目信息

  • 表格格式
  • 工作单格式
  • 卡片格式
书名: Mainline
作者: L. G. Alexander.
分册号:
分册名:
出版地: London :
 
出版社: Longman
出版时间: c1979.
页数: 256p.
开本:
丛书名:
中图分类号:
科图分类号:
其他分类号: H31
主题词:
电子资源:
000 00594nam 22002057a 4500
001 E0753160093
005 20070727093756.89
008 0304111979 enka b 000 0 eng d
020    @a0-582-51556-4 :@cCNY0.95.
020    @a0-582-51588-2.
040    @aNUL@cNUL
090    @aJ688.4/W119.1.2
090    @aH31
099    @dH31@ex111:1(2)
100 1  @aAlexander, L. G.
245 10 @aMainline :@bbeginners B : students' book / @cL. G. Alexander.
260    @aLondon :@bLongman,@cc1979.
300    @a256p.
650  0 @aEnglish language@xTextbooks for foreign speakers
920    @a232010@z2
    
    Mainline : : beginners B : students' book / / L. G. Alexander.-London : : Longman, , c1979.
    256p.
    
    
    ISBN 0-582-51556-4 :CNY0.95.
    
●
相关链接 在E读中查询图书 在五车中查询图书 在当当中查询图书 在豆瓣中查询图书


正题名:Mainline     索取号:H31/x111:1(2)         预约/预借

序号 登录号 条形码 馆藏地/架位号 状态 备注
1 471361   300142334   密集书库/ [索取号:H31/x111:1(2)] 在馆    
2 471362   300142343   密集书库/ [索取号:H31/x111:1(2)] 在馆    
3 79292   001158945   密集书库/ [索取号:H31/x111:1(2)] 在馆    
4 79294   001158936   密集书库/ [索取号:H31/x111:1(2)] 在馆    
5 79295   001158927   密集书库/ [索取号:H31/x111:1(2)] 在馆    
6 79298   001158963   密集书库/ [索取号:H31/x111:1(2)] 在馆    
7 79301   001158990   第四借阅区/ [索取号:H31/x111:1(2)] 在馆    
8 79302   001158972   密集书库/ [索取号:H31/x111:1(2)] 在馆    
9 79303   001158981   第四借阅区/ [索取号:H31/x111:1(2)] 在馆    
10 79304   001158954   密集书库/ [索取号:H31/x111:1(2)] 在馆    
11 96397   001042017   第四借阅区/ [索取号:H31/x111:1(2)] 在馆    
唐山师范学院图书馆 欢迎您!
大连网信软件有限公司© 版权所有